000
00325nam a2200145Ia 4500
100
_a
Kumar/Sushil
650
_a
Electrical Engineering
942
_c
BK
654
_a
electronics
245
_a
Text book of electronics
260
_b
India Pub. House
_a
Delhi
_c
1980
082
_a
621.38
300
_a
182
546
_a
ENGLISH
999
_c
22011
_d
22011